| 000 | 01157nam a2200277 4500 | ||
|---|---|---|---|
| 001 | 174613 | ||
| 003 | ES-MaACL | ||
| 005 | 20250831072604.0 | ||
| 008 | 100511s1832 sp p |||| | spa d | ||
| 100 | 1 |
_aFlórez, Enrique, _d1702-1773 _9142679 |
|
| 240 | 1 | 0 | _aEspaña sagrada |
| 245 | 1 | 0 |
_aEspaña sagrada. _nTomo XLV, _pTratado LXXXVIII, en que se concluye lo perteneciente á la santa iglesia de Gerona, colegiatas, monasterios y conventos de la ciudad / _cpor José de la Canal, Agustino Calzado. |
| 260 |
_aMadrid : _ben la imprenta de don José del Collado, _c1832. |
||
| 300 |
_aXXI, 309 p. ; _c20 cm. |
||
| 504 | _aApéndices, p. 227-372. | ||
| 504 | _aÍndice alfabético. | ||
| 530 | _aDisponible en formato digital. | ||
| 546 | _aApéndices en latín. | ||
| 650 | 7 |
_aHistoria eclesiástica _2embne _913400 |
|
| 651 | 4 |
_aEspaña- _xHistoria eclesiástica. _98368 |
|
| 700 | 1 |
_aCanal, José de la. _9142796 |
|
| 700 | 1 |
_aCalzado, Agustino. _9142797 |
|
| 852 | 4 |
_aES-MaACL _jR-1617-69 _x C-16767-818 |
|
| 856 |
_uhttps://archive.org/details/espaasagradathe31palegoog/page/n7 _zInternet Archive |
||
| 999 |
_c174613 _d174613 |
||